<?xml version="1.0" encoding="UTF-8"?>
<collection xmlns="http://www.loc.gov/MARC21/slim">
 <record>
  <leader>01876nam a2200229 a 4500</leader>
  <controlfield tag="001">1/37260</controlfield>
  <controlfield tag="008">090303s2001    gr            100 0 gre d</controlfield>
  <datafield tag="035" ind1=" " ind2=" ">
   <subfield code="l">39864</subfield>
  </datafield>
  <datafield tag="040" ind1=" " ind2=" ">
   <subfield code="a">GR-PeUP</subfield>
  </datafield>
  <datafield tag="082" ind1="0" ind2="0">
   <subfield code="a">507.2 ΙΝΣ</subfield>
  </datafield>
  <datafield tag="110" ind1="2" ind2=" ">
   <subfield code="a">Ινστιτούτο Στρατηγικών και Αναπτυξιακών Μελετών &quot;Ανδρέας Παπανδρέου&quot;.</subfield>
  </datafield>
  <datafield tag="245" ind1="1" ind2="0">
   <subfield code="a">Επιστημονικές ημερίδες :</subfield>
   <subfield code="b">&quot;Επιστημονική έρευνα και παραγωγική διαδικασία&quot; 10 Νοεμβρίου 1999 αμφιθέατρο Υπουργείου Εξωτερικών, &quot;Η προστασία των θεμελιωδών δικαιωμάτων στη σύγχρονη Ευρώπη&quot; 2 Φεβρουαρίου 2001 Εμπορικό &amp; Βιομηχανικό Επιμελητήριο Αθηνών, &quot;Βιοτεχνολογία παρόν &amp; μέλλον&quot; 8 Μαρτίου 2001 αμφιθέατρο Υπουργείου Εξωτερικών.</subfield>
  </datafield>
  <datafield tag="260" ind1=" " ind2=" ">
   <subfield code="a">Αθήνα :</subfield>
   <subfield code="b">ΙΣΤΑΜΕ,</subfield>
   <subfield code="c">2001.</subfield>
  </datafield>
  <datafield tag="300" ind1=" " ind2=" ">
   <subfield code="a">392 σ. ;</subfield>
   <subfield code="c">24 εκ.</subfield>
  </datafield>
  <datafield tag="650" ind1=" " ind2="4">
   <subfield code="a">Επιστημονική Ερευνα.</subfield>
  </datafield>
  <datafield tag="650" ind1=" " ind2="4">
   <subfield code="a">Παραγωγή.</subfield>
  </datafield>
  <datafield tag="650" ind1=" " ind2="4">
   <subfield code="a">Ανθρώπινα δικαιώματα.</subfield>
  </datafield>
  <datafield tag="650" ind1=" " ind2="4">
   <subfield code="a">Βιοτεχνολογία.</subfield>
  </datafield>
  <datafield tag="711" ind1="2" ind2=" ">
   <subfield code="a">Ημερίδα &quot;Επιστημονική έρευνα και παραγωγική διαδικασία&quot;</subfield>
   <subfield code="d">(1999 :</subfield>
   <subfield code="c">Αθήνα, Ελλάδα).</subfield>
  </datafield>
  <datafield tag="711" ind1="2" ind2=" ">
   <subfield code="a">Ημερίδα &quot;Η προστασία των θεμελιωδών δικαιωμάτων στη σύγχρονη Ευρώπη&quot;</subfield>
   <subfield code="d">(2001 :</subfield>
   <subfield code="c">Αθήνα, Ελλάδα).</subfield>
  </datafield>
  <datafield tag="711" ind1="2" ind2=" ">
   <subfield code="a">Ημερίδα &quot;Βιοτεχνολογία παρόν &amp; μέλλον&quot;</subfield>
   <subfield code="d">(2001 :</subfield>
   <subfield code="c">Αθήνα, Ελλάδα).</subfield>
  </datafield>
  <datafield tag="852" ind1=" " ind2=" ">
   <subfield code="a">INST</subfield>
   <subfield code="b">UNIPILB</subfield>
   <subfield code="c">MAIN</subfield>
   <subfield code="e">20090313</subfield>
   <subfield code="h">507.2 ΙΝΣ</subfield>
   <subfield code="p">00157569</subfield>
   <subfield code="q">00157569</subfield>
   <subfield code="t">LOAN</subfield>
   <subfield code="y">0</subfield>
   <subfield code="4">1</subfield>
  </datafield>
 </record>
</collection>
